<?xml version="1.0" encoding="UTF-8"?>
<record
    xmlns:xsi="http://www.w3.org/2001/XMLSchema-instance"
    xsi:schemaLocation="http://www.loc.gov/MARC21/slim http://www.loc.gov/standards/marcxml/schema/MARC21slim.xsd"
    xmlns="http://www.loc.gov/MARC21/slim">

  <leader>00632nam a22001217a 4500</leader>
  <datafield tag="040" ind1=" " ind2=" ">
    <subfield code="c">RUA</subfield>
  </datafield>
  <datafield tag="082" ind1=" " ind2=" ">
    <subfield code="a">AGR.BB SIE 2010 B060 Or.1</subfield>
  </datafield>
  <datafield tag="100" ind1=" " ind2=" ">
    <subfield code="a">SIENG, VANSITHA.</subfield>
  </datafield>
  <datafield tag="245" ind1=" " ind2=" ">
    <subfield code="a">Effect of organic fertilizer on melon in anlongvil commune, sanke district, battambang province, &#x17A5;&#x1791;&#x17D2;&#x1792;&#x17B7;&#x1796;&#x179B;&#x1787;&#x17B8;&#x179F;&#x179A;&#x17B8;&#x179A;&#x17B6;&#x1784;&#x17D2;&#x1782;&#x179B;&#x17BE;&#x178A;&#x17C6;&#x178E;&#x17B6;&#x17C6;&#x1798;&#x17B8;&#x17A1;&#x17BB;&#x1784; &#x1780;&#x17D2;&#x1793;&#x17BB;&#x1784;&#x1783;&#x17BB;&#x17C6;&#x17A2;&#x1793;&#x17D2;&#x179B;&#x17BB;&#x1784;&#x179C;&#x17B7;&#x179B; &#x179F;&#x17D2;&#x179A;&#x17BB;&#x1780;&#x179F;&#x1784;&#x17D2;&#x1780;&#x17C2; &#x1781;&#x17C1;&#x178F;&#x17D2;&#x178F;&#x1794;&#x17B6;&#x178F;&#x17CB;&#x178A;&#x17C6;&#x1794;&#x1784;. </subfield>
  </datafield>
  <datafield tag="300" ind1=" " ind2=" ">
    <subfield code="a">ix,71p.</subfield>
    <subfield code="b">ill.</subfield>
    <subfield code="c">29cm.</subfield>
  </datafield>
  <datafield tag="856" ind1=" " ind2=" ">
    <subfield code="u">https://drive.google.com/file/d/1XDpkQTgEWIPwH_p_X9SJkenX0qv6AG-O/view?usp=sharing</subfield>
  </datafield>
  <datafield tag="942" ind1=" " ind2=" ">
    <subfield code="c">AGRBB</subfield>
  </datafield>
  <datafield tag="999" ind1=" " ind2=" ">
    <subfield code="c">1434</subfield>
    <subfield code="d">1434</subfield>
  </datafield>
  <datafield tag="952" ind1=" " ind2=" ">
    <subfield code="0">0</subfield>
    <subfield code="1">0</subfield>
    <subfield code="2">ddc</subfield>
    <subfield code="4">0</subfield>
    <subfield code="6">AGR__BB_SIE_2010_000000000000000_B060_OR_1</subfield>
    <subfield code="7">0</subfield>
    <subfield code="9">6301</subfield>
    <subfield code="a">LBB</subfield>
    <subfield code="b">LBB</subfield>
    <subfield code="c">B060</subfield>
    <subfield code="d">2015-09-28</subfield>
    <subfield code="l">1</subfield>
    <subfield code="o">AGR.BB SIE 2010 B060 Or.1</subfield>
    <subfield code="p">RUA009834</subfield>
    <subfield code="r">2021-12-14</subfield>
    <subfield code="s">2021-11-30</subfield>
    <subfield code="w">2015-09-28</subfield>
    <subfield code="y">AGRBB</subfield>
  </datafield>
  <datafield tag="952" ind1=" " ind2=" ">
    <subfield code="0">0</subfield>
    <subfield code="1">0</subfield>
    <subfield code="2">ddc</subfield>
    <subfield code="4">0</subfield>
    <subfield code="6">AGR__BB_SIE_2010_000000000000000_B060_OR_2</subfield>
    <subfield code="7">0</subfield>
    <subfield code="9">6302</subfield>
    <subfield code="a">LBB</subfield>
    <subfield code="b">LBB</subfield>
    <subfield code="c">B060</subfield>
    <subfield code="d">2015-09-28</subfield>
    <subfield code="o">AGR.BB SIE 2010 B060 Or.2</subfield>
    <subfield code="p">RUA001900</subfield>
    <subfield code="r">2015-09-28</subfield>
    <subfield code="w">2015-09-28</subfield>
    <subfield code="y">AGRBB</subfield>
  </datafield>
  <datafield tag="952" ind1=" " ind2=" ">
    <subfield code="0">0</subfield>
    <subfield code="1">0</subfield>
    <subfield code="2">ddc</subfield>
    <subfield code="4">0</subfield>
    <subfield code="6">AGR__BB_SIE_2010_000000000000000_B060_OR_3</subfield>
    <subfield code="7">0</subfield>
    <subfield code="9">6303</subfield>
    <subfield code="a">LBB</subfield>
    <subfield code="b">LBB</subfield>
    <subfield code="c">B060</subfield>
    <subfield code="d">2015-09-28</subfield>
    <subfield code="o">AGR.BB SIE 2010 B060 Or.3</subfield>
    <subfield code="p">RUA001689</subfield>
    <subfield code="r">2015-09-28</subfield>
    <subfield code="w">2015-09-28</subfield>
    <subfield code="y">AGRBB</subfield>
  </datafield>
  <datafield tag="952" ind1=" " ind2=" ">
    <subfield code="0">0</subfield>
    <subfield code="1">0</subfield>
    <subfield code="2">ddc</subfield>
    <subfield code="4">0</subfield>
    <subfield code="6">AGR__BB_SIE_2010_000000000000000_B060_OR_4</subfield>
    <subfield code="7">0</subfield>
    <subfield code="9">6304</subfield>
    <subfield code="a">LBB</subfield>
    <subfield code="b">LBB</subfield>
    <subfield code="c">B060</subfield>
    <subfield code="d">2015-09-28</subfield>
    <subfield code="o">AGR.BB SIE 2010 B060 Or.4</subfield>
    <subfield code="p">RUA001828</subfield>
    <subfield code="r">2015-09-28</subfield>
    <subfield code="w">2015-09-28</subfield>
    <subfield code="y">AGRBB</subfield>
  </datafield>
  <datafield tag="952" ind1=" " ind2=" ">
    <subfield code="0">0</subfield>
    <subfield code="1">0</subfield>
    <subfield code="2">ddc</subfield>
    <subfield code="4">0</subfield>
    <subfield code="6">AGR__BB_SIE_2010_000000000000000_B060_OR_5</subfield>
    <subfield code="7">0</subfield>
    <subfield code="9">6305</subfield>
    <subfield code="a">LBB</subfield>
    <subfield code="b">LBB</subfield>
    <subfield code="c">B060</subfield>
    <subfield code="d">2015-09-28</subfield>
    <subfield code="o">AGR.BB SIE 2010 B060 Or.5</subfield>
    <subfield code="p">RUA001756</subfield>
    <subfield code="r">2017-02-10</subfield>
    <subfield code="w">2015-09-28</subfield>
    <subfield code="y">AGRBB</subfield>
  </datafield>
  <datafield tag="952" ind1=" " ind2=" ">
    <subfield code="0">0</subfield>
    <subfield code="1">0</subfield>
    <subfield code="2">ddc</subfield>
    <subfield code="4">0</subfield>
    <subfield code="6">AGR__BB_SIE_2010_000000000000000_B060_OR_6</subfield>
    <subfield code="7">0</subfield>
    <subfield code="9">6306</subfield>
    <subfield code="a">LBB</subfield>
    <subfield code="b">LBB</subfield>
    <subfield code="c">B060</subfield>
    <subfield code="d">2015-09-28</subfield>
    <subfield code="l">5</subfield>
    <subfield code="o">AGR.BB SIE 2010 B060 Or.6</subfield>
    <subfield code="p">RUA009906</subfield>
    <subfield code="r">2018-11-28</subfield>
    <subfield code="s">2018-10-19</subfield>
    <subfield code="w">2015-09-28</subfield>
    <subfield code="y">AGRBB</subfield>
  </datafield>
  <datafield tag="952" ind1=" " ind2=" ">
    <subfield code="0">0</subfield>
    <subfield code="1">0</subfield>
    <subfield code="2">ddc</subfield>
    <subfield code="4">0</subfield>
    <subfield code="6">AGR__BB_SIE_2010_000000000000000_B1_222_OR_1</subfield>
    <subfield code="7">0</subfield>
    <subfield code="9">78303</subfield>
    <subfield code="a">LBB</subfield>
    <subfield code="b">LBB</subfield>
    <subfield code="c">B1.222</subfield>
    <subfield code="d">2019-02-25</subfield>
    <subfield code="o">AGR.BB SIE 2010 B1.222 Or.1</subfield>
    <subfield code="p">A35850</subfield>
    <subfield code="r">2019-02-25</subfield>
    <subfield code="w">2019-02-25</subfield>
    <subfield code="y">AGRBB</subfield>
  </datafield>
</record>
